000
00295nam a22001337a 4500
008
170810b xxu||||| |||| 00| 0 eng d
020
_a
0471043281
041
_a
eng
080
_a
004
100
_a
35
101
_a
SHKI
245
_a
THE ART OF SOFTWARE TESTING
_c
MYESS, G.J
942
_2
udc
_c
BK
999
_c
23107
_d
23107